[Event "Baku Solidarity Day"]
[Site "Baku"]
[Date "2011.12.26"]
[Round "8.1"]
[White "Heydarli, Kanan Beyukkishi Og"]
[Black "Umudova, Nargiz"]
[Result "0-1"]
[WhiteElo "2370"]
[BlackElo "2209"]
[PlyCount "80"]
[EventDate "2011.12.21"]
[EventType "team-schev"]
[EventRounds "10"]
[EventCountry "AZE"]
[SourceTitle "CBM 146 Extra"]
[Source "ChessBase"]
[SourceDate "2012.02.29"]
[SourceVersion "1"]
[SourceVersionDate "2012.02.29"]
[SourceQuality "1"]

1. e4 c5 2. Nf3 Nc6 3. d4 cxd4 4. Nxd4 Nf6 5. Nxc6 bxc6 6. Bd3 e5 7. c4 Be7 8. 0-0 0-0 9. Nc3 Bb7 10. Be3 d6 11. Qa4 d5 12. cxd5 cxd5 13. exd5 Nxd5 14. Rfd1 Nxc3 15. bxc3 Qc8 16. Be4 Bxe4 17. Qxe4 Qxc3 18. Rac1 Qa5 19. Rd5 Qxa2 20. Rxe5 Bf6 21. Rf5 Rfe8 22. Qf3 Qb2 23. g4 a5 24. g5 Bd4 25. Rc7 Bxe3 26. fxe3 Rac8 27. Rfxf7 Rxc7 28. Rxc7 Qe5 29. Qf4 Qxf4 30. exf4 Ra8 31. Rc3 a4 32. Ra3 g6 33. Kf2 Kf7 34. Ke3 Ke6 35. Ke4 Ra7 36. h4 Ra5 37. Ke3 Kf5 38. Kf3 Ra6 39. Kg3 Ke4 40. Kg4 Ra5 0-1